000 01071nam a2200277 i 4500
001 61450
003 ES-MaACL
005 20250731034205.0
007 t|
008 031112s1977 sp |||| |dspa d
020 _a84-7339-242-6
100 1 _aFabra Barreiro, Gustavo,
_d1945-1975
_948526
245 1 3 _aEl discurso interrumpido /
_cGustavo Fabra Barreiro ; edición al cuidado de Mauro Armiño.
260 _a[Madrid] :
_bAkal,
_c[1977]
300 _a379 p. ;
_c21 cm.
490 1 _aAkal mensual ;
_v12
505 8 _aContiene: Dos artículos dedicados al Ateneo: "Por algo más que un nombre", p. [123]-125 y "Volver a ser", p. 126-128
610 2 4 _aAteneo de Madrid-
_vHistoria-
_vRelatos personales
_91926
650 _aLiteratura-
_xHistoria y crítica.
_914489
700 0 _aArmiño, Mauro,
_d1944-
_922987
830 0 _aAkal mensual ;
_v12
_9182398
852 _aES-MaACL
_jA-6567
_xEjemplar n. 1, de una ed. especial de 190 no venal, con la firma de Mauro Armiño
852 _aES-MaACL
_jA-6736
942 _2udc
999 _c61450
_d61450